Les plus grandes villes anglophones - Statistiques

Statistiques générales
  • Ce quiz a été pris 153 fois
  • Le résultat moyen est 12 sur 30
Statistiques - réponses
Population Ville % Correct
8 776 535 Londres
99%
8 258 035 New York
93%
3 820 914 Los Angeles
88%
4 698 656 Sydney
81%
2 664 452 Chicago
73%
3 110 984 Toronto
68%
808 988 San Francisco
63%
4 585 537 Melbourne
56%
1 121 408 Birmingham
54%
1 302 868 Dallas
53%
2 314 157 Houston
52%
1 114 316 Ottawa
49%
2 043 762 Perth
43%
1 550 542 Philadelphie
43%
1 440 300 Auckland
34%
1 650 070 Phoenix
32%
1 388 320 San Diego
32%
1 245 011 Adelaide
29%
979 882 Austin
29%
1 495 295 San Antonio
29%
2 287 896 Brisbane
26%
1 128 811 Calgary
18%
969 655 San Jose
18%
911 311 Charlotte
17%
1 481 466 Edmonton
16%
879 293 Indianapolis
15%
985 843 Jacksonville
14%
815 599 Winnipeg
10%
978 468 Fort Worth
6%
913 175 Columbus
5%
Aucun quiz correspondant
Distribution des résultats
% des personnes avec chaque résultat
Percentile par nombre de réponses
Votre historique - résultats
Vous n’avez pas pris ce quiz